Lengua francesa, curso elemental

Gespeichert in:
Bibliographische Detailangaben
1. Verfasser: Perrier, Alphonse Autor
Format: keine Angabe
Sprache:Französisch
Erschienen: Barcelona Editor: El autor 1913
Ausgabe:s n
Katalog:MANES:  Suchergebnis im Bibliothekskatalog
Schulbuchspezifische Eigenschaften:
Schlagworte:
Tags: Tag hinzufügen
Keine Tags, Fügen Sie den ersten Tag hinzu!
Hinzugefügt zu:26.04.2016

MARC

LEADER 000000000a22000000004500
001 37988
008 160427s sp ||||| |||| 00| 0 fre d
040 |a MANES  |c manes 
100 1 |a Perrier, Alphonse  |b Autor, 
245 0 0 |a Lengua francesa, curso elemental 
250 |a s n 
260 |a Barcelona  |b Editor: El autor  |c 1913 
300 |a 247 p.  |c 20 x 14 cm 
500 |a No aparece el número de edición, pero se comenta que es 
546 |a España 
650 7 |a Lenguas extranjeras 
942 |2 ddc  |c BK 
999 |c 43380  |d 43380 
999 |c manes:43380  |d 43380